000 00435cam a22001217a 4500
008 180718b1965 xxu||||| |||| 00| 0 eng d
082 _aA81x54 In2/61/11/Pt6/1
100 _aCensus of India 1961
245 _aMysore: village survey monographs, Iggalur village, Chanmpatna taluk, Bangalore district
260 _aDelhi
_bThe Manager of Publications
_c1965
300 _av.p.
440 _aCensus of India 1961. Volume XI, Mysore. Part VI-I
999 _c484063
_d484063